[Event "Costa Brava op 29th"]
[Site "Costa Brava"]
[Date "2016.10.01"]
[Round "2"]
[White "Salomon Emmanuel, Yves"]
[Black "De Azua Arpi, Rafael"]
[Result "1/2-1/2"]
[WhiteElo "1588"]
[BlackElo "1940"]
[PlyCount "42"]
[EventDate "2016.09.24"]
[EventType "swiss"]
[EventRounds "9"]
[EventCountry "ESP"]
[SourceTitle "EXT 2018"]
[Source "ChessBase"]
[SourceDate "2017.10.13"]
[SourceVersion "1"]
[SourceVersionDate "2017.10.13"]
[SourceQuality "1"]

1. e4 e6 2. d4 Nf6 3. Nc3 g6 4. f3 Bg7 5. Be3 Nc6 6. Qd2 e5 7. d5 Ne7 8. 0-0-0 0-0 9. g4 Ne8 10. Bh6 c6 11. Bxg7 Kxg7 12. h4 h6 13. Nh3 Ng8 14. Nf2 a6 15. f4 exf4 16. Qxf4 Qf6 17. Qd2 Qe5 18. Be2 c5 19. Nd3 Qe7 20. g5 h5 21. Rde1 c4 1/2-1/2